000 00380nam a22001337a 4500
008 230627b xxu||||| |||| 00| 0 eng d
020 _a0813305810
082 _a338.46
_bLEE 1988
245 _aTrade and Investment in Services in the Asia-Pacific Region
260 _bCenter for International Studies, Inha University
_c1988
300 _aXI,216p
440 _n1
942 _2ddc
_cBK
999 _c2866
_d2866